000 01448nam0a22002651 4500
001 rc\2715988
005 20250529124536.0
035 _a(NLR Aleph) 006843820
090 _a6673933
_c6673933
100 _a20110915d1938 |||y0rusy50 ca
101 0 _arus
102 _aRU
105 _aa z |||||
200 1 _aСлово о полку Игореве
_eПодлинный текст, его прозаич. перевод и художественные переводы и переложения рус. поэтов 19 и 20 вв.
_fРед. текста, его прозаич. перевод и комментарии проф. Н. К. Гудзия
_gРед. художественных переводов и переложений Петра Скосырева
_gХудожественное оформление А. Морозова-Лас
210 _a[Москва]
_cСов. писатель
_d1938
_gФ-ка книги "Кр. пролетарий"
215 _a360 с., 1 вкл. л. ил.
_d20 см.
320 _a"Краткий рекомендательный список лит-ры..." (стр. 356)
702 1 _aСкосырев
_bП.Г.
_gПетр Георгиевич
_4340
702 1 _aМорозов-Лас
_bА.
_4440
702 1 _aГудзий
_bН.К.
_gНиколай Калинникович
_4340
_4730
_4212
801 0 _aRU
_bNLR
_gpsbo
801 1 _aRU
_bELAR
_2rusmarc
852 _aNLR
_j38-3/786
942 _cBOOK
980 _aNB